| 000 | 00651nam a2200217Ia 4500 | ||
|---|---|---|---|
| 005 | 20220120154205.0 | ||
| 008 | 210716s2016 xx 000 0 und d | ||
| 020 | _a9788120351783 | ||
| 040 | _cAIMIT LIBRARY | ||
| 041 | _aeng | ||
| 082 |
_a332.12 _21 _bPOPG |
||
| 100 |
_aPopli, G S. _913311 |
||
| 245 |
_aPrinciples and Systems of Banking: _cby G S Popli and Anuradha Jain. |
||
| 250 | _a1st. ed. - | ||
| 260 |
_aNew Delhi: _bPHI Learning Pvt Ltd, _c2016. |
||
| 300 | _axxi,249p. ;24cm | ||
| 650 |
_aMonetary Policy _914062 |
||
| 650 |
_aIndian Financial System _914063 |
||
| 700 |
_aJain, Anuradha _913312 |
||
| 942 |
_2ddc _cBK _e1 _k332.12 POPG |
||
| 999 |
_c209861 _d209861 |
||